Entre le rêve et la veille : Qui suis-je ? (notice n° 2222475)
[ vue normale ]
| 000 -LEADER | |
|---|---|
| fixed length control field | 01881cam a2200169 4500500 |
| 005 - DATE AND TIME OF LATEST TRANSACTION | |
| control field | 20260426010519.0 |
| 041 ## - LANGUAGE CODE | |
| Language code of text/sound track or separate title | fre |
| 042 ## - AUTHENTICATION CODE | |
| Authentication code | dc |
| 100 10 - MAIN ENTRY--PERSONAL NAME | |
| Personal name | Gagnebin, Jeanne Marie |
| Relator term | author |
| 245 00 - TITLE STATEMENT | |
| Title | Entre le rêve et la veille : Qui suis-je ? |
| 260 ## - PUBLICATION, DISTRIBUTION, ETC. | |
| Date of publication, distribution, etc. | 2005.<br/> |
| 500 ## - GENERAL NOTE | |
| General note | 61 |
| 520 ## - SUMMARY, ETC. | |
| Summary, etc. | Jeanne Marie Gagnebin* propose ici une lecture croisée des pages inaugurales de deux œuvres phares de la littérature et de la philosophie françaises : le roman de Marcel Proust À la recherche du temps perdu et les Méditations de René Descartes. La parenté spirituelle des deux textes passe notamment par leur affirmation de l’existence subjective dans un forme commune (celle de la « méditation »), mais ils s’écartent l’un de l’autre par leurs valorisations respectives de la distraction et de la dispersion d’une part, de l’intériorisation et de la concentration d’autre part. Cet écart balise l’espace dans lequel doit s’engager la réflexion contemporaine sur l’identité subjective. |
| 520 ## - SUMMARY, ETC. | |
| Summary, etc. | Jeanne Marie Gagnebin proposes a criss-cross reading of the opening pages of two major French works in literature and philosophy, namely Marcel Proust’s À la recherche du temps perdu and René Descartes’s Méditations métaphysiques. The spiritual relationship of these two texts unveils the assertion of the subjective existence through the same process of meditation, but they are also different as Proust values distraction and dispersion whereas Descartes favours concentration and introspection. According to the author, this gap is where contemporary reflection about subjective identity must start up. |
| 786 0# - DATA SOURCE ENTRY | |
| Note | Études théologiques et religieuses | 80 | 2 | 2005-06-01 | p. 201-214 | 0014-2239 |
| 856 41 - ELECTRONIC LOCATION AND ACCESS | |
| Uniform Resource Identifier | <a href="https://shs.cairn.info/revue-etudes-theologiques-et-religieuses-2005-2-page-201?lang=fr&redirect-ssocas=7080">https://shs.cairn.info/revue-etudes-theologiques-et-religieuses-2005-2-page-201?lang=fr&redirect-ssocas=7080</a> |
Pas d'exemplaire disponible.




Réseaux sociaux